000 00283nam a2200121Ia 4500
005 20260326100048.0
008 260326s9999||||xx |||||||||||||| ||und||
100 _aDaza, Ricardo
245 0 _aLooking for Mies /
_cRicardo Daza
260 _bACTAR
650 _aARQUITECTOS
942 _cBK
999 _c7279
_d7279